000 00356nam a2200145Ia 4500
008 230312s9999||||xx |||||||||||||| ||und||
020 _a93-325-3524-4
082 _a515
_bGOL-C
100 _aGoldstein;Larry.J
245 0 _aCalculus and its Applications
260 _bPearson
_aIndia
_c2018
300 _a570
650 _aEngineering
_vMaths
942 _cBK
999 _c12230
_d12230